00613nam a22002177a 4500003000500000005001700005008004100022010001000063011001000073035001000083040000900093082002100102110000800123245010200131260002400233300002300257490003300280650001900313650003000332830003300362CHAP20220817043924.0040119d2001 it rn 00110 eng d a87977 a88949 a99498 cCHAP04a639.2bF46 v.6572 aFAO10aReport of the FAO workshop on the assessment of small pelagic fish off Northwest Africac/by FAO. aRome :bFAO,c2001. a133 p. :bgráfs. 0aFAO. Informe de pescav; 65714aPescaxAfrica.14aRecursos marinosxAfrica.0 aFAO. Informe de pescav; 657